00461nam a22001457a 4500003000900000005001700009008004100026040002300067082001500090100002200105245006300127260003600190300002100226650006800247BDDh-ASL20231015030434.0210619s1968 pk ||||| |||| 00| 0 eng d aBDDh-ASLcBDDh-ASL a930.1bDAA aDani, Ahmad Hasan10aArchaeological Foundation of History and Other Lectures /  aDacca: bDacca Museum, c1968.  a70 p. :c22 cm.  0aArchaeology, প্রত্নতত্ত্ব Pratnatattba